| 000 | 00385nam a2200121Ia 4500 | ||
|---|---|---|---|
| 008 | 180705s9999 xx 000 0 und d | ||
| 020 | _a1844792447 | ||
| 100 | _aBusiness and technology education council. | ||
| 245 |
_cBusiness and technology education council. _aBTEC higher national in business / |
||
| 260 |
_aSingapore: _bPearson _c2005 |
||
| 300 | _a225 pages | ||
| 650 | _aBusiness. | ||
| 999 |
_c358151 _d358151 |
||